Sports Quiz

Random Sports or MLB Quiz

MLB WAR Leaders by Team (1990s) Quiz Stats

 Plays Quiz not verified by Sporcle

Support Sporcle.
Go Orange.
Score 0/278 Timer 20:00
0 Plays Today
Team Player % Correct
Atlanta BravesAndruw Jones
98.3%
Atlanta BravesAndruw Jones
97.9%
Atlanta BravesGreg Maddux
96.6%
Atlanta BravesGreg Maddux
96.6%
Atlanta BravesGreg Maddux
96.6%
Chicago CubsGreg Maddux
96.6%
Montreal ExposPedro Martinez
96.2%
Montreal ExposPedro Martinez
96.2%
Boston Red SoxPedro Martinez
96.2%
Seattle MarinersEdgar Martinez
96.2%
Seattle MarinersEdgar Martinez
96.2%
Arizona DiamondbacksRandy Johnson
95.7%
Seattle MarinersRandy Johnson
95.7%
Atlanta BravesTom Glavine
95.3%
Atlanta BravesJohn Smoltz
95.3%
Montreal ExposDennis Martinez
95.3%
Montreal ExposDennis Martinez
95.3%
Pittsburgh PiratesBarry Bonds
95.3%
Pittsburgh PiratesBarry Bonds
95.3%
Pittsburgh PiratesBarry Bonds
95.3%
Colorado RockiesLarry Walker
95.3%
Colorado RockiesLarry Walker
95.3%
Colorado RockiesLarry Walker
95.3%
San Francisco GiantsBarry Bonds
95.3%
San Francisco GiantsBarry Bonds
95.3%
San Francisco GiantsBarry Bonds
95.3%
San Francisco GiantsBarry Bonds
95.3%
San Francisco GiantsBarry Bonds
95.3%
San Francisco GiantsBarry Bonds
95.3%
San Francisco GiantsBarry Bonds
95.3%
Houston AstrosJeff Bagwell
94%
Houston AstrosJeff Bagwell
94%
Houston AstrosCraig Biggio
94%
Houston AstrosJeff Bagwell
94%
Houston AstrosCraig Biggio
94%
Houston AstrosCraig Biggio
94%
Baltimore OriolesCal Ripken Jr.
93.2%
Baltimore OriolesCal Ripken Jr.
93.2%
Seattle MarinersKen Griffey Jr.
93.2%
Seattle MarinersKen Griffey Jr.
93.2%
Seattle MarinersKen Griffey Jr.
93.2%
Seattle MarinersKen Griffey Jr.
93.2%
Seattle MarinersKen Griffey Jr.
93.2%
St. Louis CardinalsMark McGwire
92.8%
St. Louis CardinalsMark McGwire
92.8%
Oakland AthleticsMark McGwire
92.8%
Oakland AthleticsMark McGwire
92.8%
Oakland AthleticsMark McGwire
92.8%
Oakland AthleticsMark McGwire
92.8%
Chicago CubsSammy Sosa
92.3%
Chicago CubsSammy Sosa
92.3%
Chicago CubsSammy Sosa
92.3%
Chicago CubsSammy Sosa
92.3%
Chicago CubsSammy Sosa
92.3%
Cincinnati RedsBarry Larkin
92.3%
Cincinnati RedsBarry Larkin
92.3%
Cincinnati RedsBarry Larkin
92.3%
Cincinnati RedsBarry Larkin
92.3%
Chicago White SoxFrank Thomas
92.3%
Chicago White SoxFrank Thomas
92.3%
Chicago White SoxFrank Thomas
92.3%
Chicago White SoxFrank Thomas
92.3%
Chicago White SoxFrank Thomas
92.3%
Chicago White SoxFrank Thomas
92.3%
Los Angeles DodgersMike Piazza
91.9%
Los Angeles DodgersMike Piazza
91.9%
Los Angeles DodgersMike Piazza
91.9%
Los Angeles DodgersMike Piazza
91.9%
Boston Red SoxRoger Clemens
91.9%
Seattle MarinersAlex Rodriguez
91.9%
Texas RangersIvan Rodriguez
91.9%
Texas RangersIvan Rodriguez
91.9%
Texas RangersIvan Rodriguez
91.9%
Boston Red SoxRoger Clemens
91.5%
Boston Red SoxRoger Clemens
91.5%
Boston Red SoxRoger Clemens
91.5%
Boston Red SoxRoger Clemens
91.5%
Toronto Blue JaysRoger Clemens
91.5%
Toronto Blue JaysRoger Clemens
91.5%
New York YankeesDerek Jeter
91.1%
New York YankeesDerek Jeter
91.1%
Los Angeles DodgersGary Sheffield
90.6%
San Diego PadresGary Sheffield
90.6%
Montreal ExposVladimir Guerrero
88.9%
Montreal ExposVladimir Guerrero
88.9%
New York YankeesBernie Williams
88.9%
San Francisco GiantsMatt Williams
88.5%
San Francisco GiantsMatt Williams
88.5%
Pittsburgh PiratesJay Bell
88.1%
Pittsburgh PiratesJay Bell
88.1%
San Diego PadresTony Gwynn
88.1%
San Diego PadresTony Gwynn
88.1%
San Diego PadresTony Gwynn
88.1%
Team Player % Correct
Minnesota TwinsKirby Puckett
88.1%
Chicago CubsRyne Sandberg
87.2%
Chicago CubsRyne Sandberg
87.2%
Toronto Blue JaysRoberto Alomar
87.2%
Cleveland IndiansJim Thome
87.2%
Cleveland IndiansJim Thome
87.2%
Cleveland IndiansRoberto Alomar
86.8%
Oakland AthleticsRickey Henderson
86.8%
Oakland AthleticsRickey Henderson
86.8%
Oakland AthleticsDave Henderson
86.4%
Philadelphia PhilliesCurt Schilling
86%
Philadelphia PhilliesCurt Schilling
86%
Colorado RockiesAndres Galarraga
85.5%
Chicago White SoxAlbert Belle
85.5%
Cleveland IndiansAlbert Belle
85.5%
Baltimore OriolesBrady Anderson
84.7%
Baltimore OriolesBrady Anderson
84.7%
Florida MarlinsKevin Brown
84.3%
Florida MarlinsKevin Brown
84.3%
Los Angeles DodgersKevin Brown
84.3%
San Diego PadresKevin Brown
84.3%
Texas RangersKevin Brown
84.3%
Milwaukee BrewersGreg Vaughn
83.8%
New York MetsDavid Cone
83.4%
Milwaukee BrewersPaul Molitor
83.4%
Milwaukee BrewersPaul Molitor
83.4%
Kansas City RoyalsDavid Cone
83.4%
Baltimore OriolesMike Mussina
82.6%
Baltimore OriolesMike Mussina
82.6%
Baltimore OriolesMike Mussina
82.6%
Baltimore OriolesMike Mussina
82.6%
St. Louis CardinalsOzzie Smith
81.7%
Tampa Bay Devil RaysFred McGriff
81.7%
New York MetsJohn Olerud
80.9%
Toronto Blue JaysJohn Olerud
80.9%
Cleveland IndiansKenny Lofton
79.1%
Cleveland IndiansKenny Lofton
79.1%
Cleveland IndiansKenny Lofton
79.1%
Cleveland IndiansKenny Lofton
79.1%
Texas RangersWill Clark
78.7%
Baltimore OriolesRafael Palmeiro
77%
California/Anaheim AngelsChuck Finley
77%
California/Anaheim AngelsChuck Finley
77%
California/Anaheim AngelsChuck Finley
77%
Houston AstrosSteve Finley
77%
Houston AstrosSteve Finley
77%
Texas RangersRafael Palmeiro
77%
Montreal ExposMoises Alou
76.6%
Philadelphia PhilliesLenny Dykstra
76.6%
Philadelphia PhilliesLenny Dykstra
76.6%
New York YankeesAndy Pettitte
76.2%
New York YankeesAndy Pettitte
76.2%
New York MetsDwight Gooden
74.9%
New York YankeesWade Boggs
74.9%
Boston Red SoxNomar Garciaparra
74.5%
Boston Red SoxNomar Garciaparra
74.5%
California/Anaheim AngelsTim Salmon
74.5%
California/Anaheim AngelsTim Salmon
74.5%
San Diego PadresKen Caminiti
74%
Detroit TigersAlan Trammell
74%
Atlanta BravesTerry Pendleton
73.6%
Colorado RockiesEllis Burks
73.6%
Toronto Blue JaysShawn Green
73.6%
Philadelphia PhilliesDarren Daulton
70.6%
Cincinnati RedsJose Rijo
69.4%
Cincinnati RedsJose Rijo
69.4%
Cincinnati RedsJose Rijo
69.4%
Philadelphia PhilliesJohn Kruk
68.9%
Oakland AthleticsJason Giambi
68.9%
Florida MarlinsJeff Conine
68.5%
Atlanta BravesRon Gant
67.7%
Atlanta BravesRon Gant
67.7%
New York MetsSid Fernandez
67.7%
California/Anaheim AngelsJim Edmonds
67.7%
Florida MarlinsAlex Fernandez
67.2%
New York MetsRobin Ventura
67.2%
St. Louis CardinalsRay Lankford
67.2%
Toronto Blue JaysDevon White
67.2%
Chicago White SoxAlex Fernandez
67.2%
Minnesota TwinsChuck Knoblauch
67.2%
Minnesota TwinsChuck Knoblauch
67.2%
Minnesota TwinsChuck Knoblauch
67.2%
Minnesota TwinsChuck Knoblauch
67.2%
Minnesota TwinsChuck Knoblauch
67.2%
Los Angeles DodgersEddie Murray
66.4%
Detroit TigersLou Whitaker
66%
Detroit TigersDavid Wells
65.5%
Philadelphia PhilliesScott Rolen
65.1%
New York MetsBret Saberhagen
64.7%
Kansas City RoyalsBret Saberhagen
64.7%
Chicago CubsMark Grace
63.4%
Kansas City RoyalsKevin Appier
61.7%
Kansas City RoyalsKevin Appier
61.7%
Team Player % Correct
Kansas City RoyalsKevin Appier
61.7%
Kansas City RoyalsKevin Appier
61.7%
Kansas City RoyalsKevin Appier
61.7%
Kansas City RoyalsKevin Appier
61.7%
Pittsburgh PiratesBrian Giles
60.4%
Montreal ExposMarquis Grissom
60%
Montreal ExposMarquis Grissom
60%
New York MetsJeff Kent
60%
Kansas City RoyalsJohnny Damon
59.6%
Texas RangersJulio Franco
59.6%
Texas RangersJulio Franco
59.6%
New York YankeesJimmy Key
57.4%
Toronto Blue JaysPat Hentgen
57%
Toronto Blue JaysPat Hentgen
57%
Philadelphia PhilliesDanny Jackson
56.2%
Oakland AthleticsKenny Rogers
56.2%
Texas RangersKenny Rogers
56.2%
New York MetsFrank Viola
55.7%
Cincinnati RedsReggie Sanders
55.7%
San Diego PadresReggie Sanders
55.7%
Toronto Blue JaysAl Leiter
55.7%
Philadelphia PhilliesBobby Abreu
55.3%
California/Anaheim AngelsMark Langston
54%
New York MetsEdgardo Alfonzo
53.2%
Chicago White SoxMagglio Ordonez
51.9%
Boston Red SoxJohn Valentin
51.5%
Houston AstrosMike Hampton
51.5%
Toronto Blue JaysDave Stieb
49.8%
Minnesota TwinsBrad Radke
49.8%
Minnesota TwinsBrad Radke
49.8%
Seattle MarinersJamie Moyer
48.9%
New York YankeesSteve Sax
48.1%
New York MetsBernard Gilkey
46.8%
Pittsburgh PiratesJason Kendall
46.8%
St. Louis CardinalsWillie McGee
45.1%
Los Angeles DodgersBrett Butler
44.3%
Los Angeles DodgersBrett Butler
44.3%
Detroit TigersJustin Thompson
41.7%
Chicago White SoxCarlton Fisk
39.6%
St. Louis CardinalsBrian Jordan
38.7%
St. Louis CardinalsBrian Jordan
38.7%
Texas RangersKen Hill
38.7%
California/Anaheim AngelsJim Abbott
38.3%
California/Anaheim AngelsJim Abbott
38.3%
New York YankeesRoberto Kelly
37.4%
New York YankeesMelido Perez
37.4%
Detroit TigersTony Phillips
36.2%
Detroit TigersTony Phillips
36.2%
Detroit TigersTony Phillips
36.2%
Baltimore OriolesChris Hoiles
32.3%
St. Louis CardinalsGregg Jefferies
31.9%
Milwaukee BrewersJeff Cirillo
30.6%
Milwaukee BrewersJeff Cirillo
30.6%
Milwaukee BrewersJeff Cirillo
30.6%
Minnesota TwinsKevin Tapani
30.2%
St. Louis CardinalsBob Tewksbury
27.2%
San Diego PadresAndy Ashby
26.4%
Minnesota TwinsGreg Gagne
26%
Cincinnati RedsMike Cameron
25.5%
Montreal ExposJeff Fassero
24.7%
San Francisco GiantsBill Swift
24.7%
Detroit TigersDamion Easley
24.3%
Kansas City RoyalsJose Offerman
21.3%
Chicago CubsRick Wilkins
20.9%
Pittsburgh PiratesFrancisco Cordova
20.4%
Cleveland IndiansGreg Swindell
20.4%
Pittsburgh PiratesDenny Neagle
19.1%
Pittsburgh PiratesDenny Neagle
19.1%
Cleveland IndiansBrook Jacoby
19.1%
Colorado RockiesPedro Astacio
17.9%
St. Louis CardinalsMark Whiten
17.4%
San Diego PadresEd Whitson
16.2%
Boston Red SoxDanny Darwin
14.5%
Houston AstrosDanny Darwin
14.5%
Tampa Bay Devil RaysRolando Arrojo
14%
California/Anaheim AngelsRandy Velarde
14%
Florida MarlinsBryan Harvey
13.2%
Milwaukee BrewersRicky Bones
12.8%
Milwaukee BrewersRicky Bones
12.8%
Milwaukee BrewersBen McDonald
11.9%
Arizona DiamondbacksOmar Daal
11.9%
San Diego PadresGreg Harris
11.5%
Milwaukee BrewersRon Robinson
11.1%
Colorado RockiesMarvin Freeman
10.6%
Detroit TigersBrad Ausmus
9.4%
Florida MarlinsChris Hammond
6.8%
Florida MarlinsMark Kotsay
6.4%
Oakland AthleticsStan Javier
5.5%
Los Angeles DodgersKevin Gross
5.1%
Cincinnati RedsJeff Shaw
4.3%
Philadelphia PhilliesRicky Bottalico
3.8%
Detroit TigersOmar Olivares
3.4%

You're not logged in!

Compare scores with friends on all Sporcle quizzes.
OR
Log In

From the Vault

'A' First Names

by wiggytitch

Agamemnon Jolie...I loved her in Girl, Interrupted.
Remove Ads.
Support Sporcle.
Get the best of Sporcle when you Go Orange. This ad-free experience offers more features, more stats, and more fun while also helping to support Sporcle. Thank you for becoming a member.

Show Comments

Extras

Created Aug 9, 2019ReportNominate
Tags:MLB Quiz, 1990, 2000, lead, Leader, Player, season, team

Top Quizzes Today


Score Distribution

Your Account Isn't Verified!

In order to create a playlist on Sporcle, you need to verify the email address you used during registration. Go to your Sporcle Settings to finish the process.

Report this User

Report this user for behavior that violates our Community Guidelines.

Details: